000 00320nam a2200145Ia 4500
008 191201s2005 xx 000 0 und d
082 _a621.9
_bDOT
100 _aDONALDSON, Cyrie
245 0 _aTool Design
250 _a3rd
260 _aN.Delhi
_bTMH
_c2005
300 _a981
650 _aB.Tech(ME)
942 _2ddc
_cBK
999 _c1908
_d1908